Využití alfa-stabilního rozdělení k modelování migrace
Analýza modelov migrácie, ktoré sú založené na klasickej, anomalnej a balistickej difúzii.
Na minha lista:
| Autor principal: | |
|---|---|
| Outros Autores: | |
| Formato: | Capítulo de Livro |
| Idioma: | tcheco |
| Assuntos: | |
| Tags: |
Sem tags, seja o primeiro a adicionar uma tag!
|
MARC
| LEADER | 00000naa a2200000 4500 | ||
|---|---|---|---|
| 001 | 0259130 | ||
| 005 | 20220718113009.7 | ||
| 041 | 0 | |a cze | |
| 044 | |a CZ | ||
| 245 | 1 | 0 | |a Využití alfa-stabilního rozdělení k modelování migrace |c Jaromír Kukal, Van Quang Tran |
| 520 | |a Analýza modelov migrácie, ktoré sú založené na klasickej, anomalnej a balistickej difúzii. | ||
| 610 | 2 | 0 | |a metóda Monte Carlo |
| 610 | 2 | 0 | |a migrácia |
| 610 | 2 | 0 | |a modely ekonometrické |
| 100 | 1 | |a Kukal, Jaromír | |
| 700 | 1 | |a Tran, Van Quang | |